| 000 | 01165nam a2200301 i 4500 | ||
|---|---|---|---|
| 003 | EG-GICUC | ||
| 005 | 20260429140048.0 | ||
| 008 | 260429s1995 ua fr|||| 00| 0 ara d | ||
| 040 |
_a EG-GICUC _bara _c EG-GICUC _d EG-GICUC _erda |
||
| 041 | _aara | ||
| 082 | 0 | 4 |
_221 _a345 _bم ح .و |
| 092 | 0 | 4 | _221 |
| 099 | _aLaw1 07 345 م ح . و 1995 | ||
| 100 | 0 |
_aمحمد عبد الحميد أبو زيد _eمؤلف. |
|
| 245 | 1 | 0 |
_aوضع القانون الإداري في الإسلام والدولة الحديثة : _b دراسة مقارنة / _cدكتور محمد عبد الحميد أبو زيد. |
| 264 |
_aالقاهرة : _bدار النهضة العربية، _c1995. |
||
| 300 |
_a216صفحة ؛ _c24 سم |
||
| 336 |
_2rda content _atext |
||
| 337 |
_2rda media _aComputer |
||
| 338 |
_2rda carrier _aOnline Resource |
||
| 504 | _aيشتمل على إرجاعات ببليوجرافية وكشاف. | ||
| 546 | _aالنص باللغة العربية | ||
| 650 | 1 |
_aالقانون الإداري _2qrmak |
|
| 651 | 1 | _2qrmak | |
| 856 | 4 | 0 | _uhttps://fll.law.cu.edu.eg/fulltext/bks/B07-04717.pdf |
| 905 | _a167 | ||
| 942 |
_2ddc _cBK _e21 _n0 |
||
| 999 |
_c74234 _d74234 |
||